000
00336nam a2200145Ia 4500
005
20251222152624.0
008
251222s9999||||xx |||||||||||||| ||spa||
020
_a
8497598032
082
_a
863.64/A81/T.428
100
_a
Asensi, Matilde
245
0
_a
El Último Catón
250
_a
8va. ed.
264
_b
De Bolsillo
942
_c
LIB
999
_c
27467
_d
27467